| 000 | 00787cam a2200289 4500500 | ||
|---|---|---|---|
| 005 | 20260329005026.0 | ||
| 041 | _afre | ||
| 042 | _adc | ||
| 100 | 1 | 0 |
_aDurand, Jean-Marie _eauthor |
| 245 | 0 | 0 | _aLa Réinvention de l’humanité |
| 260 | _c2022. | ||
| 500 | _a80 | ||
| 690 | _aAnthropologie | ||
| 690 | _aAventure | ||
| 690 | _aCulture | ||
| 690 | _aÉtats-Unis | ||
| 690 | _aEthnocentrisme | ||
| 690 | _aEthnologie | ||
| 690 | _aMort | ||
| 690 | _aOccident | ||
| 690 | _aOccidentalocentrisme | ||
| 690 | _aParenté | ||
| 690 | _aSexualité | ||
| 690 | _aVoyage | ||
| 786 | 0 | _nPhilosophie magazine | 157 | 3 | 2022-03-01 | p. 57-57 | 1951-1787 | |
| 856 | 4 | 1 | _uhttps://shs.cairn.info/magazine-philosophie-magazine-2022-3-page-57?lang=fr&redirect-ssocas=7080 |
| 999 |
_c1839589 _d1839589 |
||